Principle of Economics. (Record no. 386)

MARC details
005 - DATE AND TIME OF LATEST TRANSACTION
control field 20250620145927.0
020 ## - INTERNATIONAL STANDARD BOOK NUMBER
International Standard Book Number 0-669-14491-6
082 ## - DEWEY DECIMAL CLASSIFICATION NUMBER
Classification number 330 HEN
100 ## - MAIN ENTRY--PERSONAL NAME
Author name HENDERSON. J. V.
245 ## - TITLE STATEMENT
Title Principle of Economics.
260 ## - PUBLICATION, DISTRIBUTION, ETC.
Place of publication, distribution, etc. Lexington,
Name of publisher, distributor, etc. D.C. Heath,
Date of publication, distribution, etc. 1991.
300 ## - PHYSICAL DESCRIPTION
Extent xxxiii, 1235p.: ill.; figure, graph, picture, table.
Other physical details Glossary & Index.
Dimensions 26cm.
700 ## - ADDED ENTRY--PERSONAL NAME
Other authors/Editors POOLE, W.
942 ## - ADDED ENTRY ELEMENTS (KOHA)
Source of classification or shelving scheme Dewey Decimal Classification
Koha item type Books
Holdings
Date last seen Total checkouts Full call number Barcode Cost, replacement price Price effective from Koha item type Lost status Source of classification or shelving scheme Damaged status Not for loan Withdrawn status Home library Current library Shelving location Date acquired Cost, normal purchase price
03/11/2025   330 HEN 0000001278 36000.00 03/11/2025 Books   Dewey Decimal Classification       College of Business Education Main Library College of Business Education Main Library General Collection 03/11/2025 12000.00
03/11/2025   330 HEN 0000001255 36000.00 03/11/2025 Books   Dewey Decimal Classification       College of Business Education Main Library College of Business Education Main Library General Collection 03/11/2025 12000.00